Sambias Nachbarstaaten - Statistiken

Allgemein
  • Dieses Quiz wurde 30 mal gespielt
  • Das Durchschnittsergebnis liegt bei 8 aus 8
Antwortstatistiken
Nachbarstaaten % Korrekt
Malawi
100%
Angola
96%
Botswana
96%
Demokratische Republik Kongo
96%
Namibia
96%
Simbabwe
96%
Mosambik
92%
Tansania
92%
Keine übereinstimmenden Quizze gefunden
Verteilung der Resultate
Anzahl Personen mit jedem Resultat
Perzentil nach korrekt beantworteten Fragen
Ihre Resultats-Entwicklung
Sie haben dieses Quiz noch nicht gespielt